Medidor de calidad de energía con LabVIEW: etapa I
Na minha lista:
| Autor principal: | |
|---|---|
| Outros Autores: | |
| Formato: | Livro |
| Publicado em: |
[San José, Costa Rica]
2010
|
| Assuntos: | |
| Tags: |
Adicionar Tag
Sem tags, seja o primeiro a adicionar uma tag!
|
MARC
| LEADER | 00000nam a2200000Ia 4500 | ||
|---|---|---|---|
| 003 | 010465 | ||
| 005 | 20240417133516.0 | ||
| 008 | 140114s2010 cr a 0|| | s d | ||
| 040 | |c cru CEDI | ||
| 100 | |a Hsieh Hwang, Yu Chen, 1986- |9 1207 | ||
| 245 | |a Medidor de calidad de energía con LabVIEW: etapa I | ||
| 260 | |a [San José, Costa Rica] |c 2010 | ||
| 500 | |a Proyecto de graduación (bachillerato de ingeniería)--Universidad de Costa Rica. Facultad de Ingeniería. Escuela de Ingeniería Eléctrica | ||
| 501 | |a Profesor Guía de IE-0502 Proyecto Eléctrico: Ing. Juan Ramón Rodríguez Solano | ||
| 650 | |x ESTABILIDAD DE SISTEMAS DE ENERGIA ELECTRICA |x CONTROL DE SISTEMAS DE ENERGIA ELECTRICA |x REGULADORES DE VOLTAJE |x DISTRIBUCION DE ENERGIA ELECTRICA |x ENERGIA ELECTRICA |9 2622 | ||
| 700 | |a Rodríguez Solano, Juan Ramón |d Director de Proyecto Eléctrico |9 2948 | ||
| 942 | |c TFG |h TFG 6348 |i 010465 |6 TFG_6348_010465000000000 | ||
| 999 | |c 15857 |d 15857 | ||
